[Event "MP Reykjavik Open 2011"]
[Site "Reykjavik ISL"]
[Date "2011.03.12"]
[Round "4.7"]
[White "Hansen, Sune Berg"]
[Black "Dronavalli, Harika"]
[Result "1-0"]
[WhiteElo "2603"]
[BlackElo "2524"]
[PlyCount "113"]
[EventDate "2011.03.09"]
[EventType "swiss"]
[EventRounds "9"]
[EventCountry "ISL"]
[Source "lmi"]
[SourceDate "2011.03.09"]

1. d4 Nf6 2. Nf3 g6 3. Nbd2 Bg7 4. e4 O-O 5. c3 d6 6. Bd3 Nc6 7. O-O e5 8. h3
Nh5 9. Nb3 a5 10. a4 Nf4 11. Bxf4 exf4 12. Re1 h6 13. Nbd2 Ne7 14. Qe2 Re8 15.
Qf1 Bd7 16. Bb5 g5 17. Nh2 Ng6 18. Bxd7 Qxd7 19. Qe2 f5 20. Qh5 Qf7 21. exf5
Nh4 22. Qxf7+ Kxf7 23. Nc4 Rxe1+ 24. Rxe1 Nxf5 25. d5 Ne7 26. Rd1 Rb8 27. Na3
c6 28. Nc4 Nxd5 29. Nxd6+ Kf8 30. Nc4 b6 31. Re1 Re8 32. Rxe8+ Kxe8 33. h4 gxh4
34. Nf3 Bf6 35. Kf1 Kd7 36. Ke2 b5 37. axb5 cxb5 38. Nxa5 b4 39. cxb4 Nxb4 40.
b3 Ke6 41. Nc4 Kd5 42. Kd2 Bd4 43. Nxd4 Kxd4 44. Ke2 Nc2 45. Nd2 Ke5 46. Nf3+
Ke4 47. Kd2 Nb4 48. Nxh4 Nd5 49. Nf3 h5 50. Kc2 Nb4+ 51. Kd2 Nd5 52. Ne1 Kd4
53. Nc2+ Kc5 54. Ke2 Ne7 55. Kf3 Ng6 56. Ke4 Kb5 57. f3 1-0

[Event "MP Reykjavik Open 2011"]
[Site "Reykjavik ISL"]
[Date "2011.03.12"]
[Round "4.8"]
[White "Baklan, Vladimir"]
[Black "Sammalvuo, Tapani"]
[Result "1-0"]
[WhiteElo "2602"]
[BlackElo "2471"]
[PlyCount "77"]
[EventDate "2011.03.09"]
[EventType "swiss"]
[EventRounds "9"]
[EventCountry "ISL"]
[Source "lmi"]
[SourceDate "2011.03.09"]

1. e4 e5 2. Nf3 Nc6 3. Bb5 a6 4. Ba4 Nf6 5. O-O Be7 6. Re1 b5 7. Bb3 d6 8. c3
O-O 9. d4 Bg4 10. Be3 exd4 11. cxd4 d5 12. e5 Ne4 13. Nc3 Nxc3 14. bxc3 Qd7 15.
h3 Bh5 16. g4 Bg6 17. Bg5 Ba3 18. Nh4 Nd8 19. Qf3 Ne6 20. Bc1 Be4 21. Rxe4 dxe4
22. Qxe4 Bxc1 23. Rxc1 Qd8 24. Ng2 g6 25. Rd1 a5 26. f4 a4 27. Bd5 Ra6 28. h4
Qd7 29. Qf3 Rd8 30. Ne3 c6 31. Be4 Nc7 32. g5 Nd5 33. Ng4 Qc8 34. f5 gxf5 35.
Nh6+ Kf8 36. Bxf5 Qc7 37. Rf1 c5 38. Be4 Rxh6 39. gxh6 1-0

[Event "MP Reykjavik Open 2011"]
[Site "Reykjavik ISL"]
[Date "2011.03.12"]
[Round "4.9"]
[White "Sharevich, Anna"]
[Black "Fier, Alexandr"]
[Result "1-0"]
[WhiteElo "2323"]
[BlackElo "2586"]
[PlyCount "93"]
[EventDate "2011.03.09"]
[EventType "swiss"]
[EventRounds "9"]
[EventCountry "ISL"]
[Source "lmi"]
[SourceDate "2011.03.09"]

1. d4 Nf6 2. c4 g6 3. Nc3 Bg7 4. e4 O-O 5. Bg5 d6 6. Qd2 a6 7. a4 Nbd7 8. Ra3
e5 9. d5 Nc5 10. f3 a5 11. Nge2 h6 12. Be3 h5 13. Bg5 Qd7 14. Nc1 Nh7 15. Bh6
f5 16. Nd3 b6 17. Nxc5 bxc5 18. Bd3 Rf6 19. Bxg7 Qxg7 20. Kd1 fxe4 21. Nxe4 Rf4
22. Qe2 Rb8 23. Kc2 Bd7 24. Raa1 Bf5 25. g3 Bxe4 26. Bxe4 Rff8 27. b3 Ng5 28.
Rad1 Rf6 29. Rd3 Nf7 30. h3 Kf8 31. Rdd1 Ke7 32. Qd2 Rb4 33. Qe3 Qh7 34. Rdg1
Qg8 35. h4 Qh7 36. g4 hxg4 37. h5 Qg7 38. hxg6 Rxg6 39. Bxg6 Qxg6+ 40. Qe4 Qf6
41. Qxg4 Rb8 42. Rh5 Rh8 43. Rxh8 Qxh8 44. Qe6+ Kd8 45. Rg2 Qh7+ 46. Kb2 Nh6
47. Rh2 1-0

[Event "MP Reykjavik Open 2011"]
[Site "Reykjavik ISL"]
[Date "2011.03.12"]
[Round "4.10"]
[White "Gupta, Abhijeet"]
[Black "Gunnarsson, Jon Viktor"]
[Result "1-0"]
[WhiteElo "2580"]
[BlackElo "2428"]
[PlyCount "55"]
[EventDate "2011.03.09"]
[EventType "swiss"]
[EventRounds "9"]
[EventCountry "ISL"]
[Source "lmi"]
[SourceDate "2011.03.09"]

1. d4 Nf6 2. c4 c5 3. d5 b5 4. cxb5 a6 5. e3 axb5 6. Bxb5 Qa5+ 7. Nc3 Bb7 8.
Nge2 Nxd5 9. O-O Nxc3 10. Nxc3 e6 11. e4 Be7 12. Bf4 O-O 13. a4 d6 14. Bxd6 Rd8
15. Bxe7 Rxd1 16. Raxd1 Nc6 17. Bxc5 Qc7 18. b4 Ne5 19. f4 Nc6 20. Rd6 h5 21.
Rfd1 h4 22. h3 Rc8 23. e5 Qb8 24. a5 Ne7 25. a6 Bd5 26. Rd7 Nf5 27. Nxd5 exd5
28. R1xd5 1-0

[Event "MP Reykjavik Open 2011"]
[Site "Reykjavik ISL"]
[Date "2011.03.12"]
[Round "4.11"]
[White "Jones, Gawain C B"]
[Black "Thorfinnsson, Bragi"]
[Result "1-0"]
[WhiteElo "2578"]
[BlackElo "2417"]
[PlyCount "81"]
[EventDate "2011.03.09"]
[EventType "swiss"]
[EventRounds "9"]
[EventCountry "ISL"]
[Source "lmi"]
[SourceDate "2011.03.09"]

1. e4 c5 2. Nc3 e6 3. f4 Nc6 4. Nf3 a6 5. d3 d5 6. Be2 Nf6 7. O-O Be7 8. Qe1 b5
9. Bd1 b4 10. Na4 dxe4 11. dxe4 a5 12. c4 bxc3 13. bxc3 Ba6 14. Be2 Bxe2 15.
Qxe2 O-O 16. e5 Nd7 17. Be3 Qc7 18. Nd2 Rfc8 19. Nc4 Bf8 20. Rfd1 Ne7 21. Nd6
Rcb8 22. c4 Nc8 23. Nb5 Qc6 24. Nac3 a4 25. Rd2 Ndb6 26. Rad1 Ne7 27. Nd6 a3
28. Nce4 Ng6 29. Ng5 Bxd6 30. Rxd6 Qe8 31. Bxc5 Na4 32. Bd4 h6 33. Ne4 Nxf4 34.
Qg4 Ng6 35. h4 Kh8 36. Rf1 Ne7 37. Nf6 gxf6 38. exf6 Ng6 39. h5 e5 40. Be3 Qf8
41. hxg6 1-0

[Event "MP Reykjavik Open 2011"]
[Site "Reykjavik ISL"]
[Date "2011.03.12"]
[Round "4.12"]
[White "Nyzhnyk, Illya"]
[Black "Thomassen, Joachim"]
[Result "1-0"]
[WhiteElo "2563"]
[BlackElo "2396"]
[PlyCount "85"]
[EventDate "2011.03.09"]
[EventType "swiss"]
[EventRounds "9"]
[EventCountry "ISL"]
[Source "lmi"]
[SourceDate "2011.03.09"]

1. d4 Nf6 2. Nf3 g6 3. c4 Bg7 4. g3 O-O 5. Bg2 d6 6. O-O Nc6 7. Nc3 Bf5 8. b3
Ne4 9. Bb2 Nxc3 10. Bxc3 Be4 11. Qd2 d5 12. Rad1 a5 13. Rfe1 e6 14. Nh4 Bxg2
15. Nxg2 a4 16. e4 axb3 17. axb3 dxe4 18. Rxe4 e5 19. dxe5 Qxd2 20. Rxd2 Ra3
21. Rb2 Ra1+ 22. Ne1 Rc1 23. Rc2 Rb1 24. Rb2 Rc1 25. Bd2 Rd1 26. f4 f6 27. Bc3
fxe5 28. fxe5 Rc1 29. Rc2 Rxc2 30. Nxc2 Re8 31. Ne3 Nxe5 32. Kg2 Kf7 33. h3 h5
34. Nd5 c6 35. Rf4+ Kg8 36. Nf6+ Bxf6 37. Rxf6 Kg7 38. Rf1 Re7 39. g4 hxg4 40.
hxg4 c5 41. Re1 Kf6 42. Kg3 g5 43. Re4 1-0

[Event "MP Reykjavik Open 2011"]
[Site "Reykjavik ISL"]
[Date "2011.03.12"]
[Round "4.13"]
[White "Danielsen, Henrik"]
[Black "Zelbel, Patrick"]
[Result "1/2-1/2"]
[WhiteElo "2533"]
[BlackElo "2410"]
[PlyCount "151"]
[EventDate "2011.03.09"]
[EventType "swiss"]
[EventRounds "9"]
[EventCountry "ISL"]
[Source "lmi"]
[SourceDate "2011.03.09"]

1. g3 Nf6 2. Bg2 d6 3. c4 g6 4. Nc3 Bg7 5. Nf3 O-O 6. O-O Nc6 7. d3 e5 8. Bg5
h6 9. Bxf6 Bxf6 10. Rb1 a5 11. a3 Be6 12. b4 axb4 13. axb4 Qd7 14. b5 Ne7 15.
Nd2 Rab8 16. Nd5 Bg7 17. e3 Kh7 18. Kh1 Ng8 19. Qa4 Ra8 20. Qc2 Rab8 21. Qa4
Ra8 22. Qb4 Rab8 23. Qa5 c6 24. Nb6 Qc7 25. Qa7 cxb5 26. Rxb5 Ne7 27. Rfb1 Rfd8
28. Kg1 Kg8 29. Nd5 Bxd5 30. Bxd5 Nxd5 31. Rxd5 f5 32. Rdb5 Rd7 33. Qb6 Qc8 34.
Rd5 Ra8 35. Qb3 Ra7 36. Nf3 Bf6 37. Ne1 Bd8 38. Nc2 Kh7 39. Na3 Ra6 40. Nb5 f4
41. Qd1 Bg5 42. Qf3 fxe3 43. fxe3 e4 44. Qxe4 Re7 45. Qg2 Bxe3+ 46. Kh1 Qa8 47.
Nc3 Ra1 48. Rdb5 Bd4 49. Ne4 Qa3 50. Qf1 Rxb1 51. Rxb1 Kg7 52. Qe2 b6 53. Rf1
Rf7 54. Rxf7+ Kxf7 55. Kg2 Kg7 56. Qg4 Qxd3 57. Qd7+ Kg8 58. Qe6+ Kg7 59. Nxd6
Kh7 60. Nc8 Bc5 61. Ne7 Bxe7 62. Qxe7+ Kg8 63. Qe6+ Kg7 64. Qe5+ Kg8 65. Qb8+
Kg7 66. Qc7+ Kg8 67. Qb8+ Kg7 68. Qb7+ Kg8 69. Qb8+ Kh7 70. Qa7+ Kg8 71. Qa8+
Kg7 72. Qb7+ Kg8 73. Qc8+ Kg7 74. Qc7+ Kg8 75. Qb8+ Kh7 76. Qc7+ 1/2-1/2

[Event "MP Reykjavik Open 2011"]
[Site "Reykjavik ISL"]
[Date "2011.03.12"]
[Round "4.14"]
[White "Thorfinnsson, Bjorn"]
[Black "Friedel, Joshua E"]
[Result "1/2-1/2"]
[WhiteElo "2419"]
[BlackElo "2529"]
[PlyCount "67"]
[EventDate "2011.03.09"]
[EventType "swiss"]
[EventRounds "9"]
[EventCountry "ISL"]
[Source "lmi"]
[SourceDate "2011.03.09"]

1. c4 Nf6 2. g3 c6 3. Bg2 d5 4. Nf3 dxc4 5. O-O Nbd7 6. Na3 Nb6 7. Qc2 Qd5 8.
b3 cxb3 9. axb3 Be6 10. d3 Qxb3 11. Be3 Qxc2 12. Nxc2 Nbd5 13. Bxa7 Nc3 14. e4
Bb3 15. Bc5 Rxa1 16. Rxa1 Na4 17. Be3 Bxc2 18. Nd4 Bxd3 19. Rxa4 Bxe4 20. Ra7
e5 21. Nf3 Bxf3 22. Bxf3 e4 23. Bg2 Be7 24. Rxb7 Bd6 25. Bc5 Bxc5 26. Rb8+ Ke7
27. Rxh8 Bd4 28. Rb8 c5 29. Rb7+ Kd6 30. Kf1 c4 31. Rxf7 c3 32. Ke2 Bxf2 33.
Rxf6+ gxf6 34. Bxe4 1/2-1/2

[Event "MP Reykjavik Open 2011"]
[Site "Reykjavik ISL"]
[Date "2011.03.12"]
[Round "4.15"]
[White "Johannesson, Ingvar Thor"]
[Black "Gustafsson, Jan"]
[Result "0-1"]
[WhiteElo "2338"]
[BlackElo "2647"]
[PlyCount "38"]
[EventDate "2011.03.09"]
[EventType "swiss"]
[EventRounds "9"]
[EventCountry "ISL"]
[Source "lmi"]
[SourceDate "2011.03.09"]

1. c4 e6 2. Nf3 d5 3. g3 dxc4 4. Qa4+ Nd7 5. Qxc4 a6 6. d4 c5 7. Bg2 b5 8. Qd3
Bb7 9. dxc5 Bxc5 10. Be3 Bxe3 11. Qxe3 Ngf6 12. O-O O-O 13. Rd1 Qe7 14. Ne5
Nxe5 15. Qxe5 Bxg2 16. Kxg2 Rac8 17. Nc3 Qb7+ 18. Kg1 b4 19. Nb1 Rfd8 0-1

[Event "MP Reykjavik Open 2011"]
[Site "Reykjavik ISL"]
[Date "2011.03.12"]
[Round "4.16"]
[White "Getz, Nicolai"]
[Black "Hammer, Jon Ludvig"]
[Result "0-1"]
[WhiteElo "2333"]
[BlackElo "2606"]
[PlyCount "62"]
[EventDate "2011.03.09"]
[EventType "swiss"]
[EventRounds "9"]
[EventCountry "ISL"]
[Source "lmi"]
[SourceDate "2011.03.09"]

1. e4 c5 2. Nf3 Nc6 3. d4 cxd4 4. Nxd4 g6 5. Nc3 Bg7 6. Be3 Nf6 7. Bc4 O-O 8.
Bb3 d6 9. f3 Bd7 10. Qd2 Rc8 11. h4 h5 12. O-O-O Ne5 13. g4 hxg4 14. h5 Nxh5
15. Rdg1 Rxc3 16. bxc3 Qc7 17. Rxh5 gxh5 18. fxg4 Nxg4 19. Bh6 Bf6 20. Bxf8
Kxf8 21. Rf1 e6 22. Rf3 Ke7 23. Qe2 Qc5 24. Rh3 b5 25. Kb1 a5 26. a3 a4 27. Ba2
Bxd4 28. cxd4 Qxd4 29. Rxh5 Nf6 30. Rh4 Bc6 31. Qd3 Qe5 0-1

[Event "MP Reykjavik Open 2011"]
[Site "Reykjavik ISL"]
[Date "2011.03.12"]
[Round "4.17"]
[White "Michalczak, Thomas"]
[Black "Chatalbashev, Boris"]
[Result "0-1"]
[WhiteElo "2332"]
[BlackElo "2602"]
[PlyCount "86"]
[EventDate "2011.03.09"]
[EventType "swiss"]
[EventRounds "9"]
[EventCountry "ISL"]
[Source "lmi"]
[SourceDate "2011.03.09"]

1. e4 g6 2. d4 Bg7 3. Nc3 c6 4. Nf3 d6 5. Be2 Nf6 6. O-O O-O 7. a4 Qc7 8. h3 e5
9. dxe5 dxe5 10. Be3 Nh5 11. Qb1 Nf4 12. Bc4 Ne6 13. Rd1 a5 14. Qa2 Na6 15. Rd2
Nac5 16. Rad1 b6 17. h4 h6 18. g3 Kh7 19. Kg2 Rb8 20. Rh1 Bd7 21. Rhd1 Be8 22.
Ra1 Qe7 23. Rad1 f5 24. Rh1 f4 25. Bxc5 Nxc5 26. g4 Rd8 27. Ng5+ Kh8 28. Rxd8
Qxd8 29. Bf7 Bf6 30. Bxe8 Qxe8 31. Nf3 Qd7 32. Kh3 h5 33. Rg1 Nd3 34. Nd1 Nc5
35. Nc3 Ne6 36. Qb3 g5 37. hxg5 Nxg5+ 38. Nxg5 Bxg5 39. Qxb6 hxg4+ 40. Rxg4
Qh7+ 41. Kg2 f3+ 42. Kg1 Bf4 43. Rxf4 Rg8+ 0-1

[Event "MP Reykjavik Open 2011"]
[Site "Reykjavik ISL"]
[Date "2011.03.12"]
[Round "4.19"]
[White "Karavade, Eesha"]
[Black "Stefansson, Hannes"]
[Result "1/2-1/2"]
[WhiteElo "2330"]
[BlackElo "2557"]
[PlyCount "46"]
[EventDate "2011.03.09"]
[EventType "swiss"]
[EventRounds "9"]
[EventCountry "ISL"]
[Source "lmi"]
[SourceDate "2011.03.09"]

1. d4 d5 2. c4 c6 3. Nc3 Nf6 4. e3 e6 5. Nf3 Nbd7 6. Qc2 Bd6 7. Bd3 O-O 8. O-O
dxc4 9. Bxc4 a6 10. a4 c5 11. dxc5 Nxc5 12. Rd1 Qc7 13. a5 Ncd7 14. b3 Re8 15.
Bb2 h6 16. Ne4 Be7 17. Rdc1 b5 18. axb6 Qxb6 19. Ne5 Nxe5 20. Bxe5 Nxe4 21.
Qxe4 Bb7 22. Qg4 Bf8 23. Rd1 Red8 1/2-1/2

[Event "MP Reykjavik Open 2011"]
[Site "Reykjavik ISL"]
[Date "2011.03.12"]
[Round "4.20"]
[White "Mekhitarian, Krikor Sevag"]
[Black "Kovachev, Daniel Jakobsen"]
[Result "1-0"]
[WhiteElo "2529"]
[BlackElo "2307"]
[PlyCount "53"]
[EventDate "2011.03.09"]
[EventType "swiss"]
[EventRounds "9"]
[EventCountry "ISL"]
[Source "lmi"]
[SourceDate "2011.03.09"]

1. d4 Nf6 2. c4 c5 3. d5 e6 4. Nc3 exd5 5. cxd5 d6 6. Nf3 g6 7. Bf4 a6 8. a4
Bg7 9. e3 Bg4 10. Qb3 Ra7 11. Nd2 Nh5 12. h3 Bc8 13. Bh2 Be5 14. Bxe5 dxe5 15.
Be2 Nf6 16. O-O b6 17. Nde4 Nxe4 18. Nxe4 Bf5 19. Ng3 O-O 20. Rad1 Qd6 21. Nxf5
gxf5 22. Qc2 f4 23. exf4 exf4 24. Qf5 Rd8 25. Rfe1 Rad7 26. Bh5 b5 27. Re4 1-0

[Event "MP Reykjavik Open 2011"]
[Site "Reykjavik ISL"]
[Date "2011.03.12"]
[Round "4.21"]
[White "Williams, Simon K"]
[Black "Piasetski, Leon"]
[Result "1-0"]
[WhiteElo "2507"]
[BlackElo "2299"]
[PlyCount "45"]
[EventDate "2011.03.09"]
[EventType "swiss"]
[EventRounds "9"]
[EventCountry "ISL"]
[Source "lmi"]
[SourceDate "2011.03.09"]

1. e4 c5 2. Nc3 e6 3. f4 a6 4. Nf3 b5 5. g3 Bb7 6. d3 f5 7. Qe2 Be7 8. exf5
exf5 9. Bg2 b4 10. Na4 Qc7 11. O-O d6 12. b3 Nf6 13. Ng5 Bxg2 14. Qxg2 Qc6 15.
Qe2 Ra7 16. Qe6 g6 17. Qf7+ Kd7 18. Re1 Re8 19. Bb2 Nd5 20. Ne6 Rb7 21. Ng7 Rd8
22. c4 bxc3 23. Nxc3 1-0

[Event "MP Reykjavik Open 2011"]
[Site "Reykjavik ISL"]
[Date "2011.03.12"]
[Round "4.22"]
[White "Stigar, Petter"]
[Black "Kveinys, Aloyzas"]
[Result "0-1"]
[WhiteElo "2328"]
[BlackElo "2506"]
[PlyCount "50"]
[EventDate "2011.03.09"]
[EventType "swiss"]
[EventRounds "9"]
[EventCountry "ISL"]
[Source "lmi"]
[SourceDate "2011.03.09"]

1. c4 Nf6 2. Nf3 e6 3. g3 d5 4. Bg2 dxc4 5. Na3 Bxa3 6. bxa3 b5 7. Ne5 Qd4 8.
Rb1 Qxe5 9. Bxa8 c6 10. O-O Qc7 11. a4 a6 12. axb5 axb5 13. a4 Qa5 14. Bxc6+
Nxc6 15. Rxb5 Qc7 16. Bb2 O-O 17. Qa1 Ne8 18. Rc1 Ba6 19. Rc5 f6 20. Ba3 Nd6
21. d3 Rc8 22. dxc4 Ne4 23. Rh5 Qa7 24. e3 Ng5 25. h4 Nf3+ 0-1

[Event "MP Reykjavik Open 2011"]
[Site "Reykjavik ISL"]
[Date "2011.03.12"]
[Round "4.23"]
[White "Ptacnikova, Lenka"]
[Black "D'amore, Carlo"]
[Result "1/2-1/2"]
[WhiteElo "2307"]
[BlackElo "2505"]
[PlyCount "103"]
[EventDate "2011.03.09"]
[EventType "swiss"]
[EventRounds "9"]
[EventCountry "ISL"]
[Source "lmi"]
[SourceDate "2011.03.09"]

1. e4 e5 2. Nf3 Nc6 3. Bb5 Nf6 4. O-O Nxe4 5. d4 Nd6 6. dxe5 Nxb5 7. a4 d6 8.
e6 fxe6 9. axb5 Nb4 10. Re1 Be7 11. c3 Nd5 12. Nd4 e5 13. Qb3 Nf6 14. Ne6 Bxe6
15. Qxe6 Qd7 16. Qb3 Bd8 17. f4 Qf7 18. Nd2 Nd7 19. Qxf7+ Kxf7 20. Nc4 Bf6 21.
Be3 Rhe8 22. Rf1 exf4 23. Bxf4 a6 24. bxa6 Rxa6 25. Rxa6 bxa6 26. Bxd6 Re4 27.
Nd2 Re2 28. Bf4 Nc5 29. Nc4 Nd3 30. Bxc7 Nxb2 31. Nxb2 Rxb2 32. Bd8 Ra2 33.
Bxf6 gxf6 34. Rb1 a5 35. Rb7+ Kg6 36. Ra7 h5 37. c4 h4 38. c5 Kf5 39. Rh7 Rc2
40. c6 Ke6 41. Rh5 f5 42. Rxh4 Rxc6 43. Ra4 Rc5 44. Kf2 Ke5 45. Kf3 Rb5 46. Ra3
Kf6 47. h3 Kg5 48. Kg3 Rc5 49. Kf3 Re5 50. Ra4 Rb5 51. Ra3 Re5 52. Ra4 1/2-1/2

[Event "MP Reykjavik Open 2011"]
[Site "Reykjavik ISL"]
[Date "2011.03.12"]
[Round "4.24"]
[White "Mack, Wolfgang"]
[Black "Grover, Sahaj"]
[Result "1/2-1/2"]
[WhiteElo "2282"]
[BlackElo "2495"]
[PlyCount "116"]
[EventDate "2011.03.09"]
[EventType "swiss"]
[EventRounds "9"]
[EventCountry "ISL"]
[Source "lmi"]
[SourceDate "2011.03.09"]

1. g3 e5 2. c4 Nf6 3. Bg2 d5 4. cxd5 Nxd5 5. Nc3 Nb6 6. Nf3 Nc6 7. O-O Be7 8.
a3 O-O 9. b4 Be6 10. Rb1 f6 11. d3 Nd4 12. Be3 Nxf3+ 13. Bxf3 c6 14. Bc5 f5 15.
Bg2 Nd7 16. Bxe7 Qxe7 17. a4 Nf6 18. a5 Rad8 19. Qc1 f4 20. Ne4 Nxe4 21. Bxe4
Qf6 22. a6 Bh3 23. axb7 Bxf1 24. Qc4+ Qf7 25. Kxf1 fxg3 26. hxg3 Rd5 27. f3
Qxb7 28. Rc1 Qf7 29. Bxd5 cxd5 30. Qc6 Kh8 31. Rc5 Qf5 32. Kg2 d4 33. Qd6 Re8
34. f4 h6 35. Rxe5 Rxe5 36. Qxe5 Qd7 37. b5 Qb7+ 38. Kf2 Qd7 39. Qc5 Kh7 40.
Qc6 Qh3 41. Qg2 Qd7 42. Qe4+ Kh8 43. Qc6 Qh3 44. Qe8+ Kh7 45. Qe4+ Kh8 46. Qxd4
Qh2+ 47. Kf3 Qh5+ 48. Ke3 Qh2 49. Kd2 Qxg3 50. Qe3 Qg4 51. Qe8+ Kh7 52. Qe4+
Kh8 53. f5 Qg5+ 54. Ke1 Qc1+ 55. Kf2 Qc5+ 56. d4 Qxb5 57. Qa8+ Kh7 58. Qe4 Kh8
1/2-1/2

[Event "MP Reykjavik Open 2011"]
[Site "Reykjavik ISL"]
[Date "2011.03.12"]
[Round "4.26"]
[White "Thorgeirsson, Sverrir"]
[Black "Gretarsson, Hjorvar Steinn"]
[Result "1/2-1/2"]
[WhiteElo "2233"]
[BlackElo "2444"]
[PlyCount "146"]
[EventDate "2011.03.09"]
[EventType "swiss"]
[EventRounds "9"]
[EventCountry "ISL"]
[Source "lmi"]
[SourceDate "2011.03.09"]

1. e4 c5 2. Nc3 a6 3. f4 b5 4. Nf3 Bb7 5. d3 e6 6. g3 d5 7. Qe2 Be7 8. a4 Nc6
9. Bg2 Nd4 10. Qf2 b4 11. Nxd4 cxd4 12. Ne2 dxe4 13. Nxd4 Nf6 14. Be3 Ng4 15.
Qd2 Bf6 16. c3 Rc8 17. Bxe4 Qb6 18. Bg1 O-O 19. Ne2 Qc7 20. h3 Nh6 21. Bd4 Bxd4
22. cxd4 Nf5 23. Rc1 Qb6 24. O-O Nxd4 25. Nxd4 Qxd4+ 26. Qf2 Qd7 27. Qa7 Rb8
28. Rc4 Bc6 29. Qxd7 Bxd7 30. b3 Rfc8 31. Rfc1 Kf8 32. Bc6 Bxc6 33. Rxc6 Rxc6
34. Rxc6 Rd8 35. Rxa6 Rxd3 36. Kf2 Ke7 37. Rb6 Rxb3 38. a5 Kf6 39. Rb5 Ra3 40.
Rxb4 Rxa5 41. Rb3 g5 42. Kf3 Rf5 43. Ke4 h5 44. Ra3 gxf4 45. g4 Rb5 46. Kxf4
Kg6 47. Kg3 hxg4 48. hxg4 Kg5 49. Rf3 f6 50. Re3 e5 51. Rf3 Kg6 52. Kh3 Rd5 53.
Kh4 Rd4 54. Kg3 Rb4 55. Kh3 Rc4 56. Kg3 Rc2 57. Kh3 Rc1 58. Kg2 Rd1 59. Kf2 Rh1
60. Kg2 Rh7 61. Kg3 Rg7 62. Ra3 Rg8 63. Kf3 Kh6 64. Rb3 Rc8 65. Kg3 Rc1 66. Rf3
Kg5 67. Rf5+ Kg6 68. Kg2 Rc3 69. Kf2 Rc4 70. Kg3 Kf7 71. g5 Kg6 72. Rxf6+ Kxg5
73. Rf8 e4 1/2-1/2

[Event "MP Reykjavik Open 2011"]
[Site "Reykjavik ISL"]
[Date "2011.03.12"]
[Round "4.27"]
[White "Dearing, Eddie"]
[Black "Einarsson, Halldor Gretar"]
[Result "1-0"]
[WhiteElo "2412"]
[BlackElo "2220"]
[PlyCount "33"]
[EventDate "2011.03.09"]
[EventType "swiss"]
[EventRounds "9"]
[EventCountry "ISL"]
[Source "lmi"]
[SourceDate "2011.03.09"]

1. d4 f5 2. g3 Nf6 3. Nf3 g6 4. c4 Bg7 5. b4 a5 6. b5 c5 7. e3 b6 8. Bg2 Bb7 9.
Bb2 cxd4 10. exd4 Qc8 11. O-O Qxc4 12. Ne5 Qxb5 13. Bxb7 Ra7 14. Qc2 O-O 15.
Nc3 Qb4 16. a3 Qxd4 17. Nb5 1-0

[Event "MP Reykjavik Open 2011"]
[Site "Reykjavik ISL"]
[Date "2011.03.12"]
[Round "4.28"]
[White "Debashis, Das"]
[Black "Omarsson, Dadi"]
[Result "1/2-1/2"]
[WhiteElo "2398"]
[BlackElo "2214"]
[PlyCount "117"]
[EventDate "2011.03.09"]
[EventType "swiss"]
[EventRounds "9"]
[EventCountry "ISL"]
[Source "lmi"]
[SourceDate "2011.03.09"]

1. d4 Nf6 2. c4 e6 3. Nc3 d5 4. Nf3 Be7 5. e3 O-O 6. a3 b6 7. cxd5 exd5 8. b4
c6 9. Be2 Nbd7 10. O-O Re8 11. Bb2 Bb7 12. Rc1 Bd6 13. Qb3 Qe7 14. Rfe1 a5 15.
b5 c5 16. dxc5 bxc5 17. Qd1 Rad8 18. Nb1 Ne4 19. Bd3 Ndf6 20. Rc2 Bc7 21. a4
Qd6 22. Bxf6 Qxf6 23. Qc1 h6 24. Nbd2 Nxd2 25. Qxd2 Qd6 26. Qc1 Bb6 27. h3 Re6
28. Bf5 Re7 29. Nd2 Rde8 30. Bg4 Bc7 31. Nf1 d4 32. Rxc5 Bb6 33. Rc2 dxe3 34.
fxe3 Qf4 35. Qa1 Qg5 36. Rf2 Re5 37. Bf3 Bc8 38. Bc6 R8e7 39. Rf3 Qh4 40. Re2
Bf5 41. Kh2 Bd3 42. Ref2 Bxf1 43. Rxf1 Rxe3 44. Qd1 Bc7+ 45. Kh1 Re1 46. Qd3
Rxf1+ 47. Rxf1 Re1 48. Qf5 Rxf1+ 49. Qxf1 Qxa4 50. Bd5 Qf4 51. Qxf4 Bxf4 52.
Kg1 Kf8 53. Kf2 Ke7 54. b6 Kd6 55. Bxf7 Kc6 56. Ke2 Kxb6 57. Kd3 a4 58. Kc2 Kc5
59. Kb1 1/2-1/2

[Event "MP Reykjavik Open 2011"]
[Site "Reykjavik ISL"]
[Date "2011.03.12"]
[Round "4.29"]
[White "Thorhallsson, Throstur"]
[Black "Thorhallsson, Gylfi"]
[Result "1-0"]
[WhiteElo "2387"]
[BlackElo "2200"]
[PlyCount "67"]
[EventDate "2011.03.09"]
[EventType "swiss"]
[EventRounds "9"]
[EventCountry "ISL"]
[Source "lmi"]
[SourceDate "2011.03.09"]

1. e4 e5 2. Nf3 Nc6 3. Bc4 Nf6 4. d3 Bc5 5. c3 d6 6. Nbd2 O-O 7. h3 a6 8. Bb3
b5 9. O-O Bb6 10. Re1 Qe7 11. Nf1 Be6 12. Ng3 h6 13. Nh4 Bxb3 14. axb3 Qe6 15.
Nhf5 Kh7 16. Qf3 Ng8 17. Be3 Bxe3 18. Nxe3 Nce7 19. b4 Nf6 20. d4 exd4 21. cxd4
Qb3 22. Ngf5 Nxf5 23. Qxf5+ Kg8 24. e5 Nd5 25. Ng4 Qxb4 26. Re4 Rfe8 27. e6
fxe6 28. Rxe6 Qxd4 29. Nxh6+ Kh8 30. Nf7+ Kg8 31. Ng5 Nf6 32. Rae1 Rxe6 33.
Rxe6 Rd8 34. Re7 1-0

[Event "MP Reykjavik Open 2011"]
[Site "Reykjavik ISL"]
[Date "2011.03.12"]
[Round "4.30"]
[White "Holm, Kristian Stuvik"]
[Black "Devereaux, Maxim L"]
[Result "1/2-1/2"]
[WhiteElo "2240"]
[BlackElo "2385"]
[PlyCount "49"]
[EventDate "2011.03.09"]
[EventType "swiss"]
[EventRounds "9"]
[EventCountry "ISL"]
[Source "lmi"]
[SourceDate "2011.03.09"]

1. d4 Nf6 2. c4 e6 3. Nf3 b6 4. g3 Ba6 5. Nbd2 Bb4 6. Qa4 c5 7. a3 Bxd2+ 8.
Bxd2 cxd4 9. Bg2 Bb7 10. O-O Bc6 11. Qd1 Bxf3 12. Bxf3 Nc6 13. Bf4 O-O 14. Bd6
Re8 15. Bxc6 dxc6 16. Qxd4 c5 17. Qd3 Qd7 18. b4 Red8 19. Rfd1 Qa4 20. Qb1 Ne8
21. bxc5 bxc5 22. Be7 Rxd1+ 23. Qxd1 Qxc4 24. Rc1 Qe4 25. Bxc5 1/2-1/2

[Event "MP Reykjavik Open 2011"]
[Site "Reykjavik ISL"]
[Date "2011.03.12"]
[Round "4.31"]
[White "Sveshnikov, Vladimir"]
[Black "Hreinsson, Kristjan"]
[Result "1-0"]
[WhiteElo "2379"]
[BlackElo "1792"]
[PlyCount "160"]
[EventDate "2011.03.09"]
[EventType "swiss"]
[EventRounds "9"]
[EventCountry "ISL"]
[Source "lmi"]
[SourceDate "2011.03.09"]

1. e4 e5 2. Nf3 Nc6 3. Bc4 d6 4. d4 exd4 5. Nxd4 Nxd4 6. Qxd4 Be6 7. Bxe6 fxe6
8. Nc3 e5 9. Qc4 Qd7 10. O-O Nf6 11. f4 exf4 12. Bxf4 O-O-O 13. Rad1 Qc6 14.
Qxc6 bxc6 15. e5 dxe5 16. Rxd8+ Kxd8 17. Rd1+ Bd6 18. Bxe5 Ke7 19. Bxf6+ Kxf6
20. Ne4+ Ke5 21. Ng5 Kf6 22. Ne4+ Ke5 23. Nd2 Rd8 24. Nf3+ Kf6 25. Kf1 g5 26.
h3 h5 27. Rd4 Rb8 28. b3 Rb5 29. Rc4 Rc5 30. Rxc5 Bxc5 31. g4 hxg4 32. hxg4 Be3
33. Ke2 Bf4 34. Kd3 Ke6 35. Ke4 c5 36. Ne1 c6 37. Nd3 Bd6 38. Nb2 Be5 39. Nc4
Bc7 40. Nd2 Bf4 41. Nf3 Kf6 42. Kd3 Ke6 43. Kc4 Kd6 44. Ne1 Bd2 45. Nf3 Bf4 46.
c3 a5 47. Ne1 Be3 48. Kd3 Bf4 49. Ke4 Ke6 50. Nd3 Bd6 51. Nf2 Bf4 52. Kd3 Bd6
53. Ne4 Be7 54. Kc4 Ke5 55. Nxc5 Kf4 56. Nb7 Kxg4 57. Nxa5 Kf3 58. Nxc6 Bf6 59.
a4 g4 60. a5 g3 61. a6 g2 62. a7 g1=Q 63. a8=Q Qf1+ 64. Kb4 Ke3 65. Qe8+ Kd2
66. Qd7+ Kc1 67. c4 Bg5 68. Kb5 Bd2 69. b4 Bc3 70. Qd5 Qf2 71. c5 Kb2 72. Kb6
Qf4 73. b5 Qh2 74. Nd4 Qh6+ 75. Qe6 Ba5+ 76. Kxa5 Qd2+ 77. Ka6 Qxd4 78. c6 Qa4+
79. Kb6 Qd4+ 80. Kb7 Qd3 1-0